[Event "Lugano op"]
[Site "Lugano"]
[Date "1989.03.05"]
[Round "3"]
[White "Wilder, Michael"]
[Black "Kabisch, Thilo"]
[Result "1/2-1/2"]
[WhiteElo "2540"]
[BlackElo "2285"]
[PlyCount "166"]
[EventDate "1989.03.03"]
[EventType "swiss"]
[EventRounds "9"]
[EventCountry "SUI"]
[SourceTitle "TD"]
[Source "ChessBase"]
[SourceDate "1994.03.01"]
[SourceVersion "1"]
[SourceVersionDate "1994.03.01"]
[SourceQuality "1"]

1. e4 e6 2. d4 d5 3. e5 c5 4. c3 Nc6 5. Nf3 Qb6 6. a3 c4 7. Nbd2 Na5 8. g3 Bd7 9. Bh3 Be7 10. Rb1 h5 11. Nf1 Bxa3 12. Bg5 Bf8 13. Ne3 f6 14. exf6 gxf6 15. Bf4 Bd6 16. Bxd6 Qxd6 17. 0-0 Ne7 18. Nh4 0-0-0 19. Ra1 Qb6 20. Qe2 Nb3 21. Ra3 Kb8 22. Neg2 Qd6 23. Re1 Nc6 24. f4 Rde8 25. Ng6 Rh6 26. N2h4 a6 27. Bg2 f5 28. Qd1 Rg8 29. Ne5 Nxe5 30. Rxe5 b5 31. Bf3 Rgh8 32. Qe1 a5 33. Bd1 b4 34. Ra2 Nc1 35. Rxa5 Nd3 36. Qe3 Qb6 37. cxb4 Qxb4 38. Ra2 Kb7 39. Nxf5 exf5 40. Rxd5 Bc6 41. Rda5 Be4 42. R2a4 Qe1+ 43. Qxe1 Nxe1 44. Rxc4 Rc6 45. Rxc6 Kxc6 46. Kf2 Nd3+ 47. Ke3 Kb6 48. Ra3 Nb4 49. Rb3 Ka5 50. Kd2 Bd5 51. Rc3 Kb6 52. Be2 Be6 53. Re3 Rh6 54. Re5 Bd7 55. Kc3 Na2+ 56. Kd2 h4 57. Bd3 hxg3 58. hxg3 Rh2+ 59. Kd1 Rh5 60. Kd2 Nb4 61. Be2 Rh3 62. Re7 Bc8 63. Rg7 Rh2 64. Kd1 Nd5 65. Rg6+ Kc7 66. Rg5 Rg2 67. Ke1 Ne3 68. b4 Ng4 69. Rg7+ Kd6 70. Rg6+ Ke7 71. Rg7+ Kf6 72. Rc7 Be6 73. Rc6 Ke7 74. b5 Rxg3 75. b6 Rg1+ 76. Kd2 Nf6 77. Bd3 Rg2+ 78. Kc1 Rg8 79. Rc5 Rf8 80. b7 Nd7 81. Rc8 Nb8 82. Rxf8 Kxf8 83. d5 Bd7 1/2-1/2

[Event "Cannes op"]
[Site "Cannes"]
[Date "1989.??.??"]
[Round "?"]
[White "Casa, Alex"]
[Black "Wilder, Michael"]
[Result "0-1"]
[WhiteElo "2215"]
[BlackElo "2540"]
[PlyCount "88"]
[EventDate "1989.02.??"]
[EventType "swiss"]
[EventRounds "9"]
[EventCountry "FRA"]
[SourceTitle "TD"]
[Source "ChessBase"]
[SourceDate "1994.03.01"]
[SourceVersion "1"]
[SourceVersionDate "1994.03.01"]
[SourceQuality "1"]

1. e4 c5 2. Nf3 Nc6 3. d4 cxd4 4. Nxd4 e6 5. Nc3 Qc7 6. Be3 a6 7. g3 d6 8. Bg2 Bd7 9. Nb3 Nf6 10. f4 Rc8 11. 0-0 Be7 12. a3 b5 13. Qe2 h5 14. h3 Kf8 15. Rfd1 Rb8 16. Rd2 Kg8 17. Rad1 Be8 18. Bf2 Nd7 19. Nd5 exd5 20. exd5 Nce5 21. fxe5 Nxe5 22. Qe4 Bd7 23. Nd4 Re8 24. Re2 Qc8 25. Kh2 Bg5 26. c3 Ng4+ 27. hxg4 Rxe4 28. Rxe4 Bxg4 29. Rde1 Kh7 30. Nc6 Qf5 31. Kg1 Rf8 32. Nd4 Qd7 33. Nc6 Bf5 34. Rd4 Re8 35. Rdd1 Rxe1+ 36. Rxe1 Bg6 37. Kh2 Qf5 38. Kg1 Qc2 39. Nb4 Qxb2 40. Nxa6 Qxc3 41. Re8 Qxa3 42. Nb8 Qc1+ 43. Re1 Qc8 44. Nc6 Qg4 0-1

[Event "Haninge"]
[Site "Haninge"]
[Date "1989.??.??"]
[Round "?"]
[White "Cramling, Pia"]
[Black "Wilder, Michael"]
[Result "1/2-1/2"]
[WhiteElo "2480"]
[BlackElo "2540"]
[PlyCount "56"]
[EventDate "1989.??.??"]
[EventType "tourn"]
[EventRounds "11"]
[EventCountry "SWE"]
[EventCategory "13"]
[SourceTitle "CBM 013"]
[Source "ChessBase"]
[SourceDate "1989.12.01"]
[SourceVersion "1"]
[SourceVersionDate "1989.12.01"]
[SourceQuality "1"]

1. d4 Nf6 2. c4 e6 3. Nf3 b6 4. a3 Bb7 5. Nc3 d5 6. cxd5 Nxd5 7. Qc2 Nxc3 8. Qxc3 h6 9. Bf4 Bd6 10. Bg3 Nd7 11. e3 0-0 12. Bb5 Rc8 13. Bh4 Qe8 14. Bc6 Bxc6 15. Qxc6 e5 16. 0-0 f5 17. dxe5 Nxe5 18. Nxe5 Bxe5 19. Qd5+ Kh8 20. Rab1 c6 21. Qc4 f4 22. Rfe1 f3 23. Bg3 fxg2 24. Kxg2 Bxg3 25. hxg3 c5 26. Rbd1 Qc6+ 27. e4 b5 28. Qc3 Rcd8 1/2-1/2

[Event "FRA-chT"]
[Site "France"]
[Date "1989.??.??"]
[Round "?"]
[White "Flear, Glenn C"]
[Black "Wilder, Michael"]
[Result "1-0"]
[WhiteElo "2500"]
[BlackElo "2540"]
[PlyCount "57"]
[EventDate "1989.??.??"]
[EventType "team"]
[EventRounds "11"]
[EventCountry "FRA"]
[SourceTitle "TD"]
[Source "ChessBase"]
[SourceDate "1994.03.01"]
[SourceVersion "1"]
[SourceVersionDate "1994.03.01"]
[SourceQuality "1"]

1. d4 Nf6 2. c4 g6 3. Nc3 Bg7 4. e4 d6 5. Be2 0-0 6. Nf3 e5 7. 0-0 Nbd7 8. Qc2 c6 9. Rd1 Qe7 10. d5 c5 11. g3 Ng4 12. Nh4 Nb6 13. Bd3 Bd7 14. Re1 Rae8 15. Rb1 Bf6 16. Ng2 Bg7 17. f3 Nh6 18. Nh4 f5 19. Bxh6 Bxh6 20. exf5 gxf5 21. Bxf5 Nxc4 22. Qe4 Nb6 23. Qg4+ Bg7 24. Ne4 Rd8 25. Ng5 Bxf5 26. Nxf5 Qd7 27. Ne6 Rxf5 28. Qxf5 Nxd5 29. Qg5 1-0

[Event "London WFW"]
[Site "London"]
[Date "1989.??.??"]
[Round "?"]
[White "King, Daniel J"]
[Black "Wilder, Michael"]
[Result "1/2-1/2"]
[WhiteElo "2500"]
[BlackElo "2540"]
[PlyCount "33"]
[EventDate "1989.05.??"]
[EventType "tourn"]
[EventRounds "13"]
[EventCountry "ENG"]
[EventCategory "10"]
[SourceTitle "CBM 013"]
[Source "ChessBase"]
[SourceDate "1989.12.01"]
[SourceVersion "1"]
[SourceVersionDate "1989.12.01"]
[SourceQuality "1"]

1. Nf3 c5 2. c4 Nc6 3. Nc3 Nd4 4. Ng1 Nf6 5. e3 Nc6 6. d4 d5 7. cxd5 Nxd5 8. Nf3 cxd4 9. exd4 g6 10. Qb3 Nxc3 11. Bc4 e6 12. bxc3 Na5 13. Bb5+ Bd7 14. Qa4 Nc6 15. d5 exd5 16. 0-0 f6 17. Qb3 1/2-1/2

[Event "Cannes op"]
[Site "Cannes"]
[Date "1989.??.??"]
[Round "?"]
[White "Koch, Jean Rene"]
[Black "Wilder, Michael"]
[Result "0-1"]
[WhiteElo "2390"]
[BlackElo "2540"]
[PlyCount "132"]
[EventDate "1989.02.??"]
[EventType "swiss"]
[EventRounds "9"]
[EventCountry "FRA"]
[SourceTitle "TD"]
[Source "ChessBase"]
[SourceDate "1994.03.01"]
[SourceVersion "1"]
[SourceVersionDate "1994.03.01"]
[SourceQuality "1"]

1. e4 c5 2. Nf3 d6 3. d4 cxd4 4. Nxd4 Nf6 5. Nc3 Nc6 6. Bc4 Qb6 7. Ndb5 a6 8. Be3 Qa5 9. Nd4 Ng4 10. Nxc6 bxc6 11. Bd2 g6 12. Be2 Ne5 13. f4 Nd7 14. 0-0 Qb6+ 15. Kh1 Bg7 16. Rb1 0-0 17. Qe1 a5 18. Qh4 Bf6 19. Qg3 Ba6 20. Bd3 Bxd3 21. cxd3 Qa6 22. f5 a4 23. Qh3 Nc5 24. Rf3 Rab8 25. Nd1 d5 26. Bf4 dxe4 27. dxe4 Qe2 28. Nc3 Bxc3 29. Bxb8 Rxb8 30. fxg6 hxg6 31. Rxc3 Nxe4 32. Qe3 Rxb2 33. Rxb2 Qxb2 34. Rc1 Nf2+ 35. Kg1 Ng4 36. Qc3 Qf2+ 37. Kh1 Qf4 38. g3 Qe4+ 39. Kg1 Ne5 40. Qc2 Qe3+ 41. Kh1 Nd3 42. Rf1 Qe4+ 43. Qg2 Qc4 44. a3 e5 45. Qf3 e4 46. Qf6 e3 47. Rb1 Nf2+ 48. Kg1 Nh3+ 49. Kg2 Qe4+ 50. Kxh3 Qxb1 51. Qd8+ Kh7 52. Qh4+ Kg8 53. Qd8+ Kg7 54. Qd4+ f6 55. Qa7+ Kh6 56. Qxe3+ g5 57. Qe6 Qf1+ 58. Kg4 Qd1+ 59. Kh3 Qf3 60. Qc8 Qf1+ 61. Kg4 Qd1+ 62. Kh3 Qd5 63. Kg4 Kg7 64. h4 Qe4+ 65. Kh5 Qe2+ 66. g4 Qa2 0-1

[Event "London WFW"]
[Site "London"]
[Date "1989.??.??"]
[Round "?"]
[White "Lalic, Susan"]
[Black "Wilder, Michael"]
[Result "1/2-1/2"]
[WhiteElo "2310"]
[BlackElo "2540"]
[PlyCount "57"]
[EventDate "1989.05.??"]
[EventType "tourn"]
[EventRounds "13"]
[EventCountry "ENG"]
[EventCategory "10"]
[SourceTitle "CBM 013"]
[Source "ChessBase"]
[SourceDate "1989.12.01"]
[SourceVersion "1"]
[SourceVersionDate "1989.12.01"]
[SourceQuality "1"]

1. e4 c5 2. c3 d6 3. d4 Nf6 4. Bd3 Nc6 5. Ne2 g6 6. 0-0 Bg7 7. h3 0-0 8. d5 Ne5 9. Bc2 b5 10. f4 Nc4 11. a4 bxa4 12. Rxa4 Nb6 13. Ra2 e6 14. dxe6 Bxe6 15. b3 d5 16. f5 gxf5 17. exf5 Bd7 18. Bg5 Bb5 19. Na3 Ba6 20. Rf3 h6 21. Bh4 Re8 22. Nf4 Qd6 23. Bd3 Bxd3 24. Qxd3 Nbd7 25. Nc4 Qc6 26. Na5 Qd6 27. Nc4 Qc6 28. Na5 Qd6 29. Nc4 1/2-1/2

[Event "Preston"]
[Site "Preston"]
[Date "1989.??.??"]
[Round "?"]
[White "Levitt, Jonathan"]
[Black "Wilder, Michael"]
[Result "0-1"]
[WhiteElo "2495"]
[BlackElo "2540"]
[PlyCount "76"]
[EventDate "1989.??.??"]
[EventType "tourn"]
[EventRounds "9"]
[EventCountry "ENG"]
[EventCategory "10"]
[SourceTitle "CBM 014"]
[Source "ChessBase"]
[SourceDate "1990.02.01"]
[SourceVersion "1"]
[SourceVersionDate "1990.02.01"]
[SourceQuality "1"]

1. d4 Nf6 2. c4 e6 3. Nc3 Bb4 4. e3 b6 5. Nge2 Ba6 6. Ng3 0-0 7. e4 c5 8. d5 d6 9. Bd2 exd5 10. cxd5 Bxf1 11. Kxf1 Re8 12. f3 a6 13. Nf5 c4 14. Qa4 Bc5 15. Qxc4 b5 16. Qb3 Nbd7 17. Qd1 g6 18. Ng3 Ba7 19. Bg5 Rc8 20. Qd2 Qa5 21. Nd1 Qxd2 22. Bxd2 Rc2 23. Bc3 h5 24. h4 Ne5 25. Ne2 b4 26. Nd4 bxc3 27. Nxc2 cxb2 28. Rb1 Nc4 29. Nc3 Rc8 30. Ke2 Na3 31. Rxb2 Rxc3 32. Kd2 Rxc2+ 33. Rxc2 Nxc2 34. Kxc2 Bf2 35. Rb1 Nd7 36. Rb7 Nc5 37. Rb6 Bg3 38. Kc3 Na4+ 0-1

[Event "London WFW"]
[Site "London"]
[Date "1989.??.??"]
[Round "?"]
[White "Sadler, Matthew D"]
[Black "Wilder, Michael"]
[Result "1-0"]
[WhiteElo "2430"]
[BlackElo "2540"]
[PlyCount "61"]
[EventDate "1989.05.??"]
[EventType "tourn"]
[EventRounds "13"]
[EventCountry "ENG"]
[EventCategory "10"]
[SourceTitle "CBM 013"]
[Source "ChessBase"]
[SourceDate "1989.12.01"]
[SourceVersion "1"]
[SourceVersionDate "1989.12.01"]
[SourceQuality "1"]

1. d4 Nf6 2. c4 e6 3. Nc3 Bb4 4. e3 0-0 5. Bd3 d5 6. a3 Bxc3+ 7. bxc3 dxc4 8. Bxc4 c5 9. Ne2 Qc7 10. Bd3 Nc6 11. 0-0 Rd8 12. Bb2 e5 13. Ng3 exd4 14. cxd4 cxd4 15. Qc2 Qd6 16. Rad1 Bg4 17. f3 Be6 18. exd4 h6 19. d5 Nxd5 20. Bh7+ Kf8 21. Nh5 Ne5 22. f4 Ng4 23. Bxg7+ Ke7 24. Bd4 Rac8 25. Qb2 Qc7 26. Rfe1 Rd6 27. h3 Nc3 28. hxg4 Nxd1 29. Rxd1 Bxg4 30. Bf6+ Ke8 31. Qe5+ 1-0

[Event "Haninge"]
[Site "Haninge"]
[Date "1989.??.??"]
[Round "?"]
[White "Smyslov, Vassily V"]
[Black "Wilder, Michael"]
[Result "1/2-1/2"]
[WhiteElo "2560"]
[BlackElo "2540"]
[PlyCount "20"]
[EventDate "1989.??.??"]
[EventType "tourn"]
[EventRounds "11"]
[EventCountry "SWE"]
[EventCategory "13"]
[SourceTitle "CBM 013"]
[Source "ChessBase"]
[SourceDate "1989.12.01"]
[SourceVersion "1"]
[SourceVersionDate "1989.12.01"]
[SourceQuality "1"]

1. d4 Nf6 2. Nf3 e6 3. c4 b6 4. Nc3 Bb4 5. Bd2 Bb7 6. e3 0-0 7. Bd3 d5 8. 0-0 dxc4 9. Bxc4 c5 10. Qe2 Nc6 1/2-1/2

[Event "Preston"]
[Site "Preston"]
[Date "1989.??.??"]
[Round "?"]
[White "Sokolov, Ivan"]
[Black "Wilder, Michael"]
[Result "1/2-1/2"]
[WhiteElo "2580"]
[BlackElo "2540"]
[PlyCount "41"]
[EventDate "1989.??.??"]
[EventType "tourn"]
[EventRounds "9"]
[EventCountry "ENG"]
[EventCategory "10"]
[SourceTitle "CBM 014"]
[Source "ChessBase"]
[SourceDate "1990.02.01"]
[SourceVersion "1"]
[SourceVersionDate "1990.02.01"]
[SourceQuality "1"]

1. d4 Nf6 2. c4 c5 3. d5 b5 4. Nf3 b4 5. a3 g6 6. axb4 cxb4 7. Be3 a5 8. g3 Bg7 9. Bg2 0-0 10. 0-0 Bb7 11. Nbd2 d6 12. Bd4 Nbd7 13. Re1 Qc7 14. e4 Nc5 15. Qc2 e5 16. Bxc5 dxc5 17. Rf1 Bc8 18. Ne1 Bd7 19. b3 Ng4 20. h3 Nh6 21. Nd3 1/2-1/2

[Event "Cannes op"]
[Site "Cannes"]
[Date "1989.??.??"]
[Round "?"]
[White "Wilder, Michael"]
[Black "Apicella, Manuel"]
[Result "1/2-1/2"]
[WhiteElo "2540"]
[BlackElo "2400"]
[PlyCount "71"]
[EventDate "1989.02.??"]
[EventType "swiss"]
[EventRounds "9"]
[EventCountry "FRA"]
[SourceTitle "TD"]
[Source "ChessBase"]
[SourceDate "1994.03.01"]
[SourceVersion "1"]
[SourceVersionDate "1994.03.01"]
[SourceQuality "1"]

1. d4 Nf6 2. c4 g6 3. Nc3 Bg7 4. e4 d6 5. Nf3 0-0 6. Be2 Nbd7 7. 0-0 e5 8. Re1 exd4 9. Nxd4 Re8 10. Bf1 c6 11. Nb3 Ne5 12. Bg5 h6 13. Bh4 Qc7 14. h3 Be6 15. Rc1 Nh5 16. Nd5 Qd7 17. Ne3 Nf4 18. Bg3 g5 19. Nd4 Neg6 20. b3 Kh7 21. Nxe6 Qxe6 22. Nf5 Be5 23. Qc2 Qf6 24. Rcd1 Rad8 25. c5 dxc5 26. Qxc5 Bc3 27. Rxd8 Rxd8 28. Rc1 Bb2 29. Rb1 Qc3 30. Qxa7 Qc2 31. Re1 Rd7 32. Qe3 Ba3 33. h4 Bb4 34. Rc1 Qb2 35. h5 Nxh5 36. Rc4 1/2-1/2

[Event "FRA-chT"]
[Site "France"]
[Date "1989.??.??"]
[Round "?"]
[White "Wilder, Michael"]
[Black "Bricard, Emmanuel"]
[Result "1-0"]
[WhiteElo "2540"]
[BlackElo "2370"]
[PlyCount "51"]
[EventDate "1989.??.??"]
[EventType "team"]
[EventRounds "11"]
[EventCountry "FRA"]
[SourceTitle "TD"]
[Source "ChessBase"]
[SourceDate "1994.03.01"]
[SourceVersion "1"]
[SourceVersionDate "1994.03.01"]
[SourceQuality "1"]

1. e4 Nf6 2. e5 Ng8 3. d4 d6 4. f4 c5 5. dxc5 Qa5+ 6. Nc3 dxe5 7. Nf3 Nc6 8. Bb5 Bd7 9. 0-0 0-0-0 10. Qe1 exf4 11. Bxf4 f6 12. Kh1 e5 13. Bxc6 bxc6 14. Nxe5 Re8 15. b4 Qa3 16. Rd1 fxe5 17. Rxd7 Nf6 18. Bc1 Qxb4 19. Rxa7 Bxc5 20. Ba3 Qd4 21. Bxc5 Qxc5 22. Rxg7 Rhf8 23. Qe2 Re7 24. Ne4 Qa3 25. Rxe7 Qxe7 26. Qa6+ 1-0

[Event "Cannes op"]
[Site "Cannes"]
[Date "1989.??.??"]
[Round "?"]
[White "Wilder, Michael"]
[Black "Donchev, Dimitar I"]
[Result "1/2-1/2"]
[WhiteElo "2540"]
[BlackElo "2505"]
[PlyCount "30"]
[EventDate "1989.02.??"]
[EventType "swiss"]
[EventRounds "9"]
[EventCountry "FRA"]
[SourceTitle "TD"]
[Source "ChessBase"]
[SourceDate "1994.03.01"]
[SourceVersion "1"]
[SourceVersionDate "1994.03.01"]
[SourceQuality "1"]

1. d4 Nf6 2. c4 e6 3. Nf3 d5 4. Nc3 Nbd7 5. Bg5 h6 6. Bh4 c6 7. cxd5 exd5 8. e3 Be7 9. Bd3 a6 10. Qc2 0-0 11. 0-0 Re8 12. Rab1 Ne4 13. Bxe7 Qxe7 14. b4 Ndf6 15. a4 a5 1/2-1/2

[Event "Cannes op"]
[Site "Cannes"]
[Date "1989.??.??"]
[Round "?"]
[White "Wilder, Michael"]
[Black "Pergericht, Daniel"]
[Result "1-0"]
[WhiteElo "2540"]
[BlackElo "2355"]
[PlyCount "71"]
[EventDate "1989.02.??"]
[EventType "swiss"]
[EventRounds "9"]
[EventCountry "FRA"]
[SourceTitle "TD"]
[Source "ChessBase"]
[SourceDate "1994.03.01"]
[SourceVersion "1"]
[SourceVersionDate "1994.03.01"]
[SourceQuality "1"]

1. d4 d5 2. c4 c6 3. Nf3 Nf6 4. Nc3 dxc4 5. a4 Bf5 6. e3 e6 7. Bxc4 Bb4 8. 0-0 Nbd7 9. Qb3 a5 10. Nh4 Bg6 11. g3 Qb6 12. Na2 Be7 13. Nxg6 hxg6 14. Nc3 Qb4 15. Qa2 Nb6 16. Be2 Nbd5 17. Rd1 0-0-0 18. Bf3 Rh7 19. e4 Nb6 20. Ne2 Nc4 21. b3 Ne5 22. Bg2 Qb6 23. h3 Qa6 24. Qc2 Ned7 25. Be3 Kb8 26. Nf4 Rc8 27. Nd3 Rhh8 28. Bf1 b6 29. Ne5 Qb7 30. Nxf7 c5 31. Bf4+ Ka7 32. d5 exd5 33. Nxh8 Rxh8 34. exd5 Nxd5 35. Bg2 N7f6 36. Be5 1-0

[Event "US Open-90"]
[Site "Chicago"]
[Date "1989.??.??"]
[Round "4"]
[White "Wilder, Michael"]
[Black "Weiss, Mitchel J"]
[Result "1/2-1/2"]
[WhiteElo "2540"]
[BlackElo "2070"]
[PlyCount "85"]
[EventDate "1989.08.05"]
[EventType "swiss"]
[EventRounds "12"]
[EventCountry "USA"]
[SourceTitle "EXT 1997"]
[Source "ChessBase"]
[SourceDate "1996.11.15"]
[SourceVersion "1"]
[SourceVersionDate "1996.11.15"]
[SourceQuality "1"]

1. e4 e6 2. d4 d5 3. e5 c5 4. c3 Bd7 5. Nf3 Qb6 6. Be2 cxd4 7. cxd4 Bb5 8. Nc3 Bxe2 9. Nxe2 Bb4+ 10. Bd2 Nc6 11. 0-0 Bxd2 12. Qxd2 Nge7 13. Ng3 0-0 14. Nh5 Kh8 15. Rac1 Rac8 16. Rc3 Ng6 17. Rfc1 Nce7 18. Rb3 Rxc1+ 19. Qxc1 Rc8 20. Qxc8+ Nxc8 21. Rxb6 Nxb6 22. b3 Nd7 23. Ng5 Kg8 24. f4 Ne7 25. Nf3 Kf8 26. Kf2 Nc6 27. Ke2 a5 28. a4 b5 29. axb5 Na7 30. Kd3 Nxb5 31. g4 g6 32. Ng3 Nb6 33. f5 exf5 34. gxf5 a4 35. bxa4 Nxa4 36. fxg6 hxg6 37. Ne2 Nc7 38. Nf4 Nb6 39. Kc3 Ne6 40. Nd3 Ke7 41. Kb4 Nd7 42. h4 f6 43. Kc3 1/2-1/2

[Event "US Open-90"]
[Site "Chicago"]
[Date "1989.??.??"]
[Round "5"]
[White "Wilder, Michael"]
[Black "Williams, Wilton"]
[Result "1-0"]
[WhiteElo "2540"]
[BlackElo "2220"]
[PlyCount "69"]
[EventDate "1989.08.05"]
[EventType "swiss"]
[EventRounds "12"]
[EventCountry "USA"]
[SourceTitle "EXT 1997"]
[Source "ChessBase"]
[SourceDate "1996.11.15"]
[SourceVersion "1"]
[SourceVersionDate "1996.11.15"]
[SourceQuality "1"]

1. d4 Nf6 2. Nf3 e6 3. c4 b6 4. g3 Ba6 5. b3 d5 6. cxd5 exd5 7. Bg2 Nbd7 8. 0-0 Bd6 9. Nc3 0-0 10. Bf4 Ba3 11. Qc2 Re8 12. Ne5 c5 13. Nxd5 Rc8 14. Nxf6+ Nxf6 15. Bh3 cxd4 16. Bxc8 Bxc8 17. Rfd1 Qd5 18. Qc4 Bb7 19. Nf3 Qxc4 20. bxc4 Ne4 21. Rd3 Nc3 22. Nxd4 Bb2 23. Re1 Nxa2 24. Nb5 Bc6 25. Nxa7 Be4 26. Rb3 Bd4 27. Nb5 Bc5 28. Nd6 Re6 29. Nxe4 Rxe4 30. Be3 h5 31. Ra1 Nb4 32. Rc1 Na2 33. Rc2 Nb4 34. Rxb4 Bxb4 35. Bxb6 1-0

[Event "US Open-90"]
[Site "Chicago"]
[Date "1989.??.??"]
[Round "7"]
[White "Wojtkiewicz, Aleksander"]
[Black "Wilder, Michael"]
[Result "1/2-1/2"]
[WhiteElo "2460"]
[BlackElo "2540"]
[PlyCount "30"]
[EventDate "1989.08.05"]
[EventType "swiss"]
[EventRounds "12"]
[EventCountry "USA"]
[SourceTitle "EXT 1997"]
[Source "ChessBase"]
[SourceDate "1996.11.15"]
[SourceVersion "1"]
[SourceVersionDate "1996.11.15"]
[SourceQuality "1"]

1. Nf3 c5 2. c4 Nc6 3. g3 g6 4. Bg2 Bg7 5. Nc3 e5 6. 0-0 Nge7 7. Ne1 0-0 8. Nc2 d6 9. a3 Be6 10. Ne3 Qd7 11. Rb1 Bh3 12. d3 Bxg2 13. Kxg2 Rab8 14. b4 cxb4 15. axb4 b5 1/2-1/2

[Event "Belgrade GMA op"]
[Site "Belgrade"]
[Date "1988.??.??"]
[Round "?"]
[White "Bareev, Evgeny"]
[Black "Wilder, Michael"]
[Result "1/2-1/2"]
[WhiteElo "2560"]
[BlackElo "2505"]
[PlyCount "51"]
[EventDate "1988.12.??"]
[EventType "swiss"]
[EventRounds "9"]
[EventCountry "YUG"]
[SourceTitle "TD"]
[Source "ChessBase"]
[SourceDate "1994.03.01"]
[SourceVersion "1"]
[SourceVersionDate "1994.03.01"]
[SourceQuality "1"]

1. d4 Nf6 2. c4 e6 3. Nc3 Bb4 4. e3 b6 5. Nge2 Ba6 6. Ng3 0-0 7. e4 c5 8. d5 d6 9. Be2 exd5 10. exd5 Bxc3+ 11. bxc3 Re8 12. 0-0 Nbd7 13. Qa4 Bb7 14. Qc2 Nf8 15. Bd2 Ng6 16. Rae1 a6 17. a4 h6 18. h3 Bc8 19. f4 Bd7 20. Bd3 Rxe1 21. Rxe1 Nf8 22. Nf5 Bxf5 23. Bxf5 b5 24. cxb5 axb5 25. axb5 c4 26. Be4 1/2-1/2

[Event "USA-ch"]
[Site "USA"]
[Date "1988.??.??"]
[Round "?"]
[White "Benjamin, Joel"]
[Black "Wilder, Michael"]
[Result "1/2-1/2"]
[WhiteElo "2560"]
[BlackElo "2505"]
[PlyCount "24"]
[EventDate "1988.10.??"]
[EventType "tourn"]
[EventRounds "11"]
[EventCountry "USA"]
[EventCategory "12"]
[SourceTitle "CBM 011"]
[Source "ChessBase"]
[SourceDate "1989.08.01"]
[SourceVersion "1"]
[SourceVersionDate "1989.08.01"]
[SourceQuality "1"]

1. f4 c6 2. d4 Qa5+ 3. Nc3 d6 4. e4 Nf6 5. Bd3 e5 6. Nf3 Bg4 7. fxe5 dxe5 8. dxe5 Nfd7 9. Bf4 Bb4 10. 0-0 0-0 11. Nd5 cxd5 12. exd5 Be7 1/2-1/2

[Event "Saint John op-2"]
[Site "Saint John"]
[Date "1988.??.??"]
[Round "?"]
[White "Garcia, Gildardo"]
[Black "Wilder, Michael"]
[Result "0-1"]
[WhiteElo "2430"]
[BlackElo "2535"]
[PlyCount "118"]
[EventDate "1988.02.08"]
[EventType "swiss"]
[EventRounds "9"]
[EventCountry "CAN"]
[SourceTitle "CBM 006"]
[Source "ChessBase"]
[SourceDate "1988.10.01"]
[SourceVersion "1"]
[SourceVersionDate "1988.10.01"]
[SourceQuality "1"]

1. e4 c5 2. Nf3 d6 3. d4 cxd4 4. Nxd4 Nf6 5. Nc3 Nc6 6. Bg5 e6 7. Qd2 a6 8. 0-0-0 h6 9. Be3 Be7 10. f3 Nxd4 11. Bxd4 e5 12. Be3 Be6 13. g4 Rc8 14. h4 Qa5 15. a3 Rxc3 16. Qxc3 Qxc3 17. bxc3 d5 18. exd5 Bxa3+ 19. Kb1 Nxd5 20. Bd2 f6 21. c4 Nb6 22. Ba5 Nd7 23. Bd3 b6 24. Bc3 Ke7 25. g5 Bc5 26. gxf6+ gxf6 27. h5 b5 28. cxb5 axb5 29. Rh4 Nb6 30. Bxb5 Rb8 31. Bb2 Nd5 32. c4 Bf5+ 33. Re4 Nc7 34. Ka2 Nxb5 35. cxb5 Rxb5 36. Re2 Be6+ 37. Kb1 Rb4 38. Rc1 Bc4 39. Rg2 Ke6 40. Kc2 Bd5 41. Kd3 Bxf3 42. Rg8 Be4+ 43. Kc3 Rb7 44. Kc4 Be3 45. Re1 Rc7+ 46. Kb3 Bd5+ 47. Ka4 Bd2 48. Re8+ Kd7 49. Rd1 Ra7+ 50. Kb5 Rb7+ 51. Kc5 Rxb2 52. Rxe5 fxe5 53. Kxd5 Bf4 54. Rg1 Rd2+ 55. Ke4 Rh2 56. Kd5 Ke7 57. Rg6 Rxh5 58. Ra6 Rh1 59. Ke4 Rg1 0-1

[Event "Dortmund-A"]
[Site "Dortmund"]
[Date "1988.??.??"]
[Round "?"]
[White "Olafsson, Helgi"]
[Black "Wilder, Michael"]
[Result "1/2-1/2"]
[WhiteElo "2510"]
[BlackElo "2535"]
[PlyCount "58"]
[EventDate "1988.03.??"]
[EventType "tourn"]
[EventRounds "11"]
[EventCountry "GER"]
[EventCategory "12"]
[SourceTitle "CBM 007"]
[Source "ChessBase"]
[SourceDate "1988.12.01"]
[SourceVersion "1"]
[SourceVersionDate "1988.12.01"]
[SourceQuality "1"]

1. Nf3 Nf6 2. c4 e6 3. Nc3 Bb4 4. Qc2 0-0 5. b3 d5 6. Bb2 Re8 7. e3 c6 8. d4 a5 9. a3 Bd6 10. Be2 Nbd7 11. 0-0 dxc4 12. Bxc4 b5 13. Bd3 Bb7 14. Ne4 Nxe4 15. Bxe4 f5 16. Bd3 c5 17. Ne5 cxd4 18. exd4 Rc8 19. Qe2 Nxe5 20. dxe5 Bc5 21. Kh1 b4 22. axb4 axb4 23. Bc4 Qe7 24. f3 Red8 25. Rfd1 h6 26. Rd3 Rxd3 27. Qxd3 Kh7 28. Rd1 Bc6 29. Qe2 Ra8 1/2-1/2